|
|
|
|
| LEADER |
00000cam a2200000 7i4500 |
| 001 |
0000077832 |
| 005 |
20230622093000.0 |
| 008 |
120531s2012 enk eng |
| 020 |
|
|
|a 1412920817 (hardback : alk. paper)
|
| 020 |
|
|
|a 1412920825 (paperback : alk. paper)
|
| 020 |
|
|
|a 9781412920810 (hardback : alk. paper)
|
| 020 |
|
|
|a 9781412920827 (paperback : alk. paper)
|
| 050 |
0 |
0 |
|a PN4784.O62
|b J66 2012
|
| 090 |
0 |
0 |
|a PN4784.O62
|b J66 2012
|
| 100 |
1 |
|
|a Jones, Janet ,
|e author
|
| 245 |
1 |
0 |
|a Digital journalism
|c Janet Jones & Lee Salter
|
| 260 |
|
|
|a London :
|b SAGE ,
|c c2012
|
| 300 |
|
|
|a x, 197 p. :
|b ill. ;
|c 25 cm.
|
| 504 |
|
|
|a Includes bibliographical references (p. [174]-190) and index
|
| 505 |
0 |
|
|a 1. Journalism as a practice -- 2. Political economy of online journalism -- 3. Digitally challenged business models -- 4. Truth, trust, transparency -- 5. Public service news -- 6. Local digital journalism -- 7. News customisation -- 8. Mobile journalism-from desktop to pocket -- 9. Media law and the challenges of the Internet
|
| 520 |
|
|
|a Overview: how can we make sense of the ongoing technological changes affecting journalism and journalists today? Will the new digital generation break down barriers for journalism or will things just stay the same? These and other pertinent questions will be asked and explored throughout this exciting new book that looks at the changing dynamics of journalism in a digital era. Examining issues and debates through cultural, social, political and economic frameworks, the book gets a grip on today's new journalism by understanding its historical threats and remembering its continuing resilience and ability to change with the times. In considering new forms of journalistic practice the book covers important topics such as: truth in the new journalism, the changing identity of the journalist, the economic implications for the industry, the impact on the relationship between the journalist and their audience, and the legal framework of doing journalism online
|
| 650 |
|
0 |
|a Digital media
|
| 650 |
|
0 |
|a Journalism
|x Technological innovations
|
| 650 |
|
0 |
|a Online journalism
|
| 700 |
1 |
|
|a Salter, Lee ,
|e author
|
| 999 |
|
|
|a 1000151735
|b Book
|c OPEN SHELF (30 DAYS)
|e Gong Badak Campus
|
| 999 |
|
|
|a 1000151736
|b Book
|c OPEN SHELF (30 DAYS)
|e Gong Badak Campus
|